Central Library OPAC University of Rajshahi

Dialectical anthropology : (Record no. 2139)

MARC details
000 -LEADER
fixed length control field 01292cam a2200337 a 4500
001 - CONTROL NUMBER
control field 2139
003 - CONTROL NUMBER IDENTIFIER
rucl marc code BD-RjUL
005 - DATE AND TIME OF LATEST TRANSACTION
control field 20211208233506.0
008 - FIXED-LENGTH DATA ELEMENTS--GENERAL INFORMATION
fixed length control field 131210s1992 flua b s011 0 eng d
020 ## - INTERNATIONAL STANDARD BOOK NUMBER
International Standard Book Number 0813011167 (v. 1 : pbk. : acidfree paper)
International Standard Book Number 0813011159 (v. 1 : acidfree paper)
International Standard Book Number 0813011175 (v. 2 : acidfree paper)
International Standard Book Number 0813011183 (v. 2 : pbk. : acidfree paper)
035 ## - SYSTEM CONTROL NUMBER
System control number (BD-RjUL)2166
040 ## - CATALOGING SOURCE
Original cataloging agency DLC
Transcribing agency DLC
Modifying agency DLC
-- BD-RjUL
Language of cataloging eng
041 ## - LANGUAGE CODE
Language code of text/sound track or separate title eng
082 00 - DEWEY DECIMAL CLASSIFICATION NUMBER
Classification number 301
Edition number 20
Author mark and year DIA 1992
245 00 - TITLE STATEMENT
Title Dialectical anthropology :
Remainder of title essays in honor of Stanley Diamond /
Statement of responsibility, etc. edited by Christine Ward Gailey.
260 ## - PUBLICATION, DISTRIBUTION, ETC. (IMPRINT)
Place of publication, distribution, etc. Gainesville :
Name of publisher, distributor, etc. University Press of Florida,
Date of publication, distribution, etc. c1992.
300 ## - PHYSICAL DESCRIPTION
Pagination 1 v. [xvi, 367p.] :
Illustrations ill. ;
Size 24 cm.
504 ## - BIBLIOGRAPHY, ETC. NOTE
Bibliography, etc Includes bibliographical references and indexes.
505 0# - FORMATTED CONTENTS NOTE
Formatted contents note v. 1. Civilization in crisis : anthropological perspectives -- v. 2. The politics of culture and creativity : a critique of civilization.
600 10 - SUBJECT ADDED ENTRY--PERSONAL NAME
Personal name Diamond, Stanley,
Dates associated with a name 1922-
650 #0 - SUBJECT ADDED ENTRY--TOPICAL TERM
Topical term or geographic name as entry element Political anthropology.
9 (RLIN) 7016
Topical term or geographic name as entry element Marxist anthropology.
9 (RLIN) 7017
700 1# - ADDED ENTRY--PERSONAL NAME
Personal name Diamond, Stanley,
Dates associated with a name 1922-
Personal name Gailey, Christine Ward,
Dates associated with a name 1950-
942 ## - ADDED ENTRY ELEMENTS (KOHA)
Source of classification or shelving scheme Dewey Decimal Classification
Koha item type Books
Holdings
Lost status Source of classification or shelving scheme Damaged status Not for loan Collection code Permanent Location Current Location Shelving location Date acquired Source of acquisition Cost, normal purchase price Total Checkouts Full call number Date last seen Copy number Koha item type
  Dewey Decimal Classification     Non-fiction Central Library, University of Rajshahi Central Library, University of Rajshahi   15/05/2006 Dhaka, Paragon Enterprises Ltd. 29.95   301 DIA 1992 10/12/2013 C-2 Books